书目信息 |
| 题名: |
小星星
|
|
| 作者: | 王路遥 著 | |
| 分册: | ||
| 出版信息: | 北京 人民文学出版社 1979 |
|
| 页数: | 197页 | |
| 开本: | 19cm | |
| 丛书名: | ||
| 单 册: | ||
| 中图分类: | I287.47 | |
| 科图分类: | ||
| 主题词: | 儿童文学-短篇小说--中国--现代--选集 , 短篇小说-儿童文学--中国--现代--选集 | |
| 电子资源: | ||
| ISBN: | ||
| 000 | 00632nam0 2200229 45 | |
| 001 | 0179006716 | |
| 005 | 20060819163335.40 | |
| 010 | @dCNY0.44 | |
| 091 | @aCN@b10019.2777 | |
| 100 | @a19950721d1979 am y0chiy0121 ea | |
| 101 | 0 | @achi |
| 102 | @aCN@b110000 | |
| 105 | @af z 000fy | |
| 200 | 10 | @a小星星@Axiao xing xing@f王路遥著 |
| 210 | @a北京@c人民文学出版社@d1979 | |
| 215 | @a197页@c插图@d19cm | |
| 606 | @a儿童文学-短篇小说@y中国@z现代@x选集 | |
| 606 | @a短篇小说-儿童文学@y中国@z现代@x选集 | |
| 690 | @aI287.47@v3 | |
| 701 | 0 | @a王路遥@Awang lu yao@4著 |
| 801 | 0 | @aCN@bTSSF@c20060819 |
| 905 | @a10447@dI287.47@e210 | |
| 小星星/王路遥著.-北京:人民文学出版社,1979 |
| 197页:插图;19cm |
| ISBN :CNY0.44 |
| ● |
| 相关链接 |
|
|
|
|
正题名:小星星
索取号:I287.47/210
 
预约/预借
| 序号 | 登录号 | 条形码 | 馆藏地/架位号 | 状态 | 备注 |
| 1 | 0426829 | 204268292 | 密集书库/ [索取号:I287.47/210] | 在馆 | |
| 2 | 0427906 | 204279066 | 密集书库/ [索取号:I287.47/210] | 在馆 | |
| 3 | 0429241 | 204292416 | 密集书库/ [索取号:I287.47/210] | 在馆 | |
| 4 | 0443411 | 204434111 | 密集书库/ [索取号:I287.47/210] | 在馆 | |
| 5 | 0443412 | 204434120 | 密集书库/ [索取号:I287.47/210] | 在馆 | |
| 6 | 0470056 | 204700564 | 密集书库/ [索取号:I287.47/210] | 在馆 |